| 000 | 00801cab a22001935a 4500 | ||
|---|---|---|---|
| 001 | L154065 | ||
| 008 | 111011s2011 xxka f 000 0 eng d | ||
| 035 | _a(Sirsi) u154065 | ||
| 041 | 0 | _aeng | |
| 100 | 1 | _aBattrick, Paul | |
| 245 | 0 | 4 |
_aThe rainbow suite _bthe 1999 FIDIC contracts, part 2 |
| 260 | _c2011 | ||
| 490 |
_aCivil Engineering Surveyor _vOctober 2011, 31-33(3) |
||
| 520 | _aAn insight into the continued growth of the rainbow as other contracts have been produced to recognise the demands of the international construction marketplace; the white book, the blue (turquoise) book, the pink book, the gold book, the subcontract to the red book and pink book. | ||
| 651 | 4 | _aInternational | |
| 690 | _aBUILT ENVIRONMENT-BUILDING CONTRACT FORMS | ||
| 700 | 1 | _aDuggan, Phil | |
| 942 | _n0 | ||
| 999 |
_c83476 _d83476 |
||